[Event "General Pico Anconetani Memorial 5th"]
[Site "General Pico"]
[Date "2022.08.27"]
[Round "3"]
[White "Lopez, Hector"]
[Black "Carrizo, Victor"]
[Result "1-0"]
[WhiteElo "1638"]
[BlackElo "1547"]
[PlyCount "67"]
[EventDate "2022.08.26"]
[EventType "swiss"]
[EventRounds "7"]
[EventCountry "ARG"]
[SourceTitle "EXT 2023"]
[Source "ChessBase"]
[SourceDate "2022.10.05"]
[SourceVersion "1"]
[SourceVersionDate "2022.10.05"]
[SourceQuality "1"]

1. d4 Nf6 2. Nf3 b6 3. Bf4 Bb7 4. e3 d6 5. Bd3 Nbd7 6. 0-0 e6 7. Nbd2 Be7 8. e4 Nh5 9. Be3 g6 10. Bh6 Ndf6 11. h3 Ng8 12. Be3 Ng7 13. c4 f5 14. exf5 gxf5 15. Re1 Nf6 16. Bh6 Nfh5 17. Qc2 Qd7 18. Rac1 0-0-0 19. c5 dxc5 20. Bc4 Rhg8 21. dxc5 Bxc5 22. Ne5 Qxd2 23. Bxd2 Ng3 24. Be3 Ne4 25. Bxc5 Nxc5 26. b4 Ne4 27. Ba6 Ne8 28. Bxb7+ Kxb7 29. Qc6+ Kb8 30. Nd7+ Kc8 31. Red1 N4d6 32. Rxd6 Rg7 33. Nxb6+ axb6 34. Qa8# 1-0

[Event "La Pampa op"]
[Site "La Pampa"]
[Date "2022.03.06"]
[Round "6"]
[White "Carrizo, Victor"]
[Black "Vannucci, Matias"]
[Result "0-1"]
[WhiteElo "1583"]
[BlackElo "1569"]
[PlyCount "68"]
[EventDate "2022.03.04"]
[EventType "swiss"]
[EventRounds "7"]
[EventCountry "ARG"]
[SourceTitle "CBM 207 Extra"]
[Source "ChessBase"]
[SourceDate "2022.05.31"]
[SourceVersion "1"]
[SourceVersionDate "2022.05.31"]
[SourceQuality "1"]

1. e4 e6 2. d4 d5 3. Nc3 Nf6 4. Bd3 Bb4 5. e5 Nfd7 6. Nf3 a6 7. a3 Bxc3+ 8. bxc3 c5 9. a4 cxd4 10. cxd4 0-0 11. a5 Nc6 12. Bg5 f6 13. exf6 Nxf6 14. 0-0 h6 15. Bh4 Nxa5 16. Ne5 Nc6 17. c3 Bd7 18. Bc2 g5 19. Bg3 Ne7 20. Qd3 Bb5 21. c4 dxc4 22. Nxc4 Rc8 23. Bb3 Nf5 24. Be5 Nd7 25. f4 Nc5 26. Qd1 Nxb3 27. Nd6 Nxd6 28. Qxb3 Bc4 29. Qh3 Nf7 30. Rf2 Nxe5 31. dxe5 Qd4 32. Rb1 Rxf4 33. Qxh6 Qxf2+ 34. Kh1 Qf1+ 0-1

[Event "La Pampa op"]
[Site "La Pampa"]
[Date "2022.03.05"]
[Round "3"]
[White "Zito, Alberto"]
[Black "Carrizo, Victor"]
[Result "0-1"]
[WhiteElo "1579"]
[BlackElo "1583"]
[PlyCount "21"]
[EventDate "2022.03.04"]
[EventType "swiss"]
[EventRounds "7"]
[EventCountry "ARG"]
[SourceTitle "CBM 207 Extra"]
[Source "ChessBase"]
[SourceDate "2022.05.31"]
[SourceVersion "1"]
[SourceVersionDate "2022.05.31"]
[SourceQuality "1"]

1. e4 c5 2. Nf3 e6 3. Nc3 a6 4. Be2 Be7 5. 0-0 b5 6. a3 Bb7 7. d3 Nc6 8. Re1 Nf6 9. h3 h5 10. Ng5 Bd6 11. f4 0-1

[Event "ARG-ch Amateur U1700"]
[Site "Suipacha"]
[Date "2017.11.18"]
[Round "3.12"]
[White "Alzugaray, Julian"]
[Black "Carrizo, Victor"]
[Result "1-0"]
[WhiteElo "1508"]
[BlackElo "1634"]
[PlyCount "33"]
[EventDate "2017.11.17"]
[EventType "swiss"]
[EventRounds "9"]
[EventCountry "ARG"]
[SourceTitle "EXT 2024"]
[Source "ChessBase"]
[SourceDate "2023.10.10"]
[SourceVersion "1"]
[SourceVersionDate "2023.10.10"]
[SourceQuality "1"]

1. e4 c5 2. Nf3 Nc6 3. Bb5 e6 4. 0-0 a6 5. Bxc6 dxc6 6. d4 cxd4 7. Nxd4 Bc5 8. Be3 Qb6 9. b3 Nf6 10. Nc3 Qa7 11. Na4 Nxe4 12. Nxc5 Nxc5 13. b4 Nd7 14. Nxe6 b6 15. Nxg7+ Kf8 16. Bh6 a5 17. Re1 1-0

[Event "Pan American-ch U1700"]
[Site "Carilo Village"]
[Date "2016.10.29"]
[Round "7"]
[White "Beron, Ricardo"]
[Black "Carrizo, Victor"]
[Result "1-0"]
[WhiteElo "1591"]
[BlackElo "1620"]
[PlyCount "83"]
[EventDate "2016.10.25"]
[EventType "swiss"]
[EventRounds "9"]
[EventCountry "ARG"]
[SourceTitle "EXT 2022"]
[Source "ChessBase"]
[SourceDate "2021.10.06"]
[SourceVersion "1"]
[SourceVersionDate "2021.10.06"]
[SourceQuality "1"]

1. c4 Nf6 2. Nc3 e5 3. g3 d5 4. cxd5 Nxd5 5. Bg2 Be6 6. Nf3 Nc6 7. 0-0 Be7 8. d4 exd4 9. Nxd4 Nxd4 10. Qxd4 c6 11. Nxd5 cxd5 12. Qxg7 Bf6 13. Qh6 Qe7 14. Qd2 Rd8 15. a4 h5 16. Ra3 h4 17. Rd3 d4 18. Qf4 Bc4 19. Rd2 Bg5 20. Qf3 Bxd2 21. Bxd2 Bd5 22. Qf5 Bxg2 23. Kxg2 Qe6 24. Qb5+ Qc6+ 25. Qxc6+ bxc6 26. Bg5 h3+ 27. Kf3 Rb8 28. Bf6 Rg8 29. Bxd4 Rb4 30. Rd1 Rg6 31. Bxa7 Rxa4 32. Bc5 Rc4 33. b4 Rf6+ 34. Ke3 Re6+ 35. Kd3 Rg4 36. Ra1 Rf6 37. f3 Rgg6 38. f4 Kd7 39. Ke4 Kc8 40. Kf3 Rh6 41. e4 Rh7 42. g4 1-0

[Event "Pan American-ch U1700"]
[Site "Carilo Village"]
[Date "2016.10.29"]
[Round "8"]
[White "Carrizo, Victor"]
[Black "Gugliotta, Maria Julieta"]
[Result "1/2-1/2"]
[WhiteElo "1620"]
[BlackElo "1477"]
[PlyCount "49"]
[EventDate "2016.10.25"]
[EventType "swiss"]
[EventRounds "9"]
[EventCountry "ARG"]
[SourceTitle "EXT 2022"]
[Source "ChessBase"]
[SourceDate "2021.10.06"]
[SourceVersion "1"]
[SourceVersionDate "2021.10.06"]
[SourceQuality "1"]

1. e4 e6 2. d4 d5 3. e5 c5 4. c3 Nc6 5. Nf3 Qb6 6. a3 c4 7. Nbd2 Bd7 8. g3 Na5 9. Bg2 Nb3 10. Nxb3 cxb3 11. 0-0 Bb5 12. Re1 Bc4 13. h4 Ne7 14. Nh2 h6 15. f4 0-0-0 16. Nf3 Nc6 17. Bh3 Na5 18. f5 Kb8 19. Kg2 Be7 20. Be3 exf5 21. Bxf5 g6 22. Bh3 Rdg8 23. g4 Ka8 24. Qd2 Qd8 25. Bf2 1/2-1/2